| 000 | 00518nam a2200193Ia 4500 | ||
|---|---|---|---|
| 008 | 240510s9999 xx 000 0 und d | ||
| 020 | _a0000139016538 | ||
| 041 | _aEng | ||
| 082 | _a006.3 | ||
| 082 | _bB65 | ||
| 100 | _aBROOKS R.R. : IYENGAR S.S. | ||
| 245 | 0 | _aMULTI- SENSOR FUSION :FUNDAMENTALS AND APPLICATIONS WITH SOFTWARE | |
| 260 | _bNEW JERSEY : PRINTICE HALL | ||
| 260 | _c488 | ||
| 300 | _a488 p. | ||
| 650 | _aINTELLIGENT CONTROL SYSTEMS :APPLICATION SOFTWARE | ||
| 942 | _2ddc | ||
| 942 | _cRBK | ||
| 999 |
_c24824 _d24824 |
||
| 945 |
_a1 _bMadushi Gamage _c1 _dMadushi Gamage |
||